000 nam a22 7a 4500
999 _c3090
_d3090
005 20170519111916.0
008 170519b2004 cau||||| |||| 00| 0 eng d
020 _a078796977X (pbk) :
_cNo price
040 _aAKMAL
082 _a658.3124 ELS
090 _a658.3124
_bELS
100 1 _a El-Shamy, Susan.
_96409
245 1 0 _aHow to design and deliver training for the new and emerging generations /
_cEl-Shamy, Susan
260 _aSan Francisco, Calif. :
_aChichester :
_bJossey-Bass ;
_bJohn Wiley,
_c 2004
300 _axvi, 185 p. :
_b ill. ;
_c28 cm
500 _a Includes CD-ROM.
650 0 _aEmployees
_xTraining of
_93413
942 _2ddc
_cBOOK